00337nam a2200109Ia 4500008004100000082000800041100002100049245003700070942000600107952009900113999001500212240331s9999 xx 000 0 und d bKAI aKailanathan, V.A 0aChiddukuruvikalum vanampadikalum cL 001040708LaWERCLbWERCLcSSCd2024-03-31l0o 894.811 KAIp4546r2024-03-31w2024-03-31yL c3743d3743